| 000 | 02880cam a2200721 a 4500 | ||
|---|---|---|---|
| 001 | ocn822972377 | ||
| 003 | OCoLC | ||
| 005 | 20200320192317.0 | ||
| 008 | 121219s2014 mnua b 000 1 eng c | ||
| 010 | _a 2012049370 | ||
| 016 | 7 |
_a016489887 _2Uk |
|
| 020 | _a9781404875012 (library binding) | ||
| 020 | _a1404875018 (library binding) | ||
| 020 | _a9781479518647 (pbk.) | ||
| 020 | _a1479518646 (pbk.) | ||
| 029 | 1 |
_aNZ1 _b14953551 |
|
| 035 | _a(OCoLC)822972377 | ||
| 040 |
_aNJQ/DLC _beng _cZQP _dDLC _dOCLCO _dYDXCP _dBTCTA _dBDX _dUKMGB _dUPZ _dOCLCF _dWACOL |
||
| 042 |
_apcc _alcac |
||
| 049 | _aWACL | ||
| 050 | 0 | 0 |
_aPZ7.G13543 _bGre 2014 |
| 082 | 0 | 4 |
_a[Fic] _223 |
| 082 | 0 | 4 |
_a813.6 _223 |
| 092 |
_ajunior fiction _bGal |
||
| 100 | 1 |
_aGallagher, Diana G. _962795 |
|
| 245 | 1 | 4 |
_aThe great kitten challenge / _cby Diana G. Gallagher ; illustrated by Adriana Isabel Juárez Puglisi. |
| 260 |
_aNorth Mankato, Minn. : _bPicture Window Books, _c2014. |
||
| 300 |
_a79 p. : _bcol. ill. ; _c20 cm. |
||
| 490 | 1 |
_aPet friends forever ; _v[4] |
|
| 521 | 1 | _a006-008. | |
| 521 | 8 | _aRL: 2.7. | |
| 521 | 8 | _aGRL: N. | |
| 520 | _aWhen Kyle's dog Rex finds three tiny kittens, Kyle and Mia undertake the responsibility of caring for the babies, locating their mother, and finding homes for all four. | ||
| 521 |
_ajunior fiction _bapplebooks |
||
| 650 | 0 |
_aKittens _vJuvenile fiction. _95684395 |
|
| 650 | 0 |
_aDogs _vJuvenile fiction. _95674840 |
|
| 650 | 0 |
_aAnimal rescue _vJuvenile fiction. _95703044 |
|
| 650 | 0 |
_aResponsibility _vJuvenile fiction. _95692716 |
|
| 650 | 0 |
_aBest friends _vJuvenile fiction. _95673646 |
|
| 650 | 1 |
_aCats _vFiction. _95674208 |
|
| 650 | 1 |
_aAnimals _xInfancy _vFiction. _95674959 |
|
| 650 | 1 |
_aDogs _vFiction. _95674795 |
|
| 650 | 1 |
_aAnimal rescue _vFiction. _95703047 |
|
| 650 | 1 |
_aResponsibility _vFiction. _95699274 |
|
| 650 | 1 |
_aBest friends _vFiction. _95675106 |
|
| 650 | 1 |
_aFriendship _vFiction. _95673769 |
|
| 650 | 7 |
_aAnimal rescue. _2fast _0(OCoLC)fst00809362 _95888141 |
|
| 650 | 7 |
_aBest friends. _2fast _0(OCoLC)fst00830870 _95888142 |
|
| 650 | 7 |
_aDogs. _2fast _0(OCoLC)fst00896265 _95888143 |
|
| 650 | 7 |
_aKittens. _2fast _0(OCoLC)fst00987960 _95888144 |
|
| 650 | 7 |
_aResponsibility. _2fast _0(OCoLC)fst01095857 _990666 |
|
| 655 | 7 |
_aFiction. _2fast _0(OCoLC)fst01423787 _95673940 |
|
| 655 | 7 |
_aJuvenile works. _2fast _0(OCoLC)fst01411637 _95673941 |
|
| 700 | 1 |
_aJuárez Puglisi, Adriana Isabel, _eill. _95888145 |
|
| 800 | 1 |
_aGallagher, Diana G. _tPet friends forever ; _v4. _95888146 |
|
| 938 |
_aYBP Library Services _bYANK _n10390700 |
||
| 938 |
_aBaker and Taylor _bBTCP _nBK0013027628 |
||
| 938 |
_aBrodart _bBROD _n104658649 |
||
| 942 |
_cBOOK _018 |
||
| 948 |
_a04/21/2014 _zSirsi |
||
| 994 |
_a02 _bWACOL |
||
| 996 |
_a108838 _b34301001181108 _cJ _dbk _ewcl _fo _g18 _h15.95 _lkids reference _mGal _p05/12/2014 _q09/04/2019 _r01/31/2020 |
||
| 999 |
_c283540 _d283540 |
||